Responses for Show #3133 - Wednesday, March 25, 1998

Contestants

[<< previous game]

David Cruthers, an arts council director from Groton Long Point, Connecticut

Maryanne Ackershoek, an associate editor and online writer from Wayne, New Jersey

Bill Johnson, a cattle breeder from Fort Mill, South Carolina (whose 1-day cash winnings total $11,510)

[next game >>]

Jeopardy! Round responses

A "B" CITY
TV ACTORS & ACTRESSES
STOCK SYMBOLS
3-LETTER WORDS
TRIAL
BALLOONS
    $100 11
Baltimore

Bill
    $100 6
Ron Howard

David
    $100 1
Coca-Cola

David
    $100 21
Zoo

Bill
    $100 16
Ku Klux Klan

Maryanne
    $100 30
Hot air

David
    $200 12
Barcelona

David
    $200 7
(David: Who is Daniel J. Travanti?)

Michael J. Fox

MaryanneDavid
    $200 2
Johnson & Johnson

David
    $200 22
Ill

Maryanne
    $200 17
McDonald's

Maryanne
    $200 26
Crossing the Atlantic, non-stop & solo

Maryanne
    $300 13
Baden-Baden

David
    $300 8
Magnum, P.I.

Bill
    $300 3
Home Depot

Bill
    $300 23
Bib

Maryanne
    $300 18
(David: What are witnesses?)

juries

BillDavid
    $300 27
Hydrogen

Bill
    $400 14
(David: What is Mayer?)
(Bill: What is Frankfurt?)

Bologna

BillDavid
Triple Stumper
    $500 9
The Nanny

Bill
    $400 4
Gillette

David
    $400 24
Gig

David
    $400 19
"Geronimo"

Triple Stumper
    $400 28
Hounds

Bill
    $500 15
(Bill: What is B-R-N-O?)
(Alex: Didn't want to take a chance on mispronouncing it?)

Brno

Bill
    $500 10
Frasier

Maryanne
    $500 5
Kimberly-Clark

Maryanne
    $500 25
(Alex: And we have about a minute to deal with the last category.)

Egg

Bill
    $500 20
Court stenographer/reporter

David
    $500 29
Payload

Triple Stumper

Scores at the first commercial break (after clue 14):

Bill Maryanne David
$800 $1,200 $700

Scores at the end of the Jeopardy! Round:

Bill Maryanne David
$2,900 $2,200 $1,400

Double Jeopardy! Round responses

WORLD HISTORY
MOVIE GEOGRAPHY
AMERICAN LITERATURE
DANCE MAGAZINE AWARDS
MOTHERS OF INVENTION
LET'S TALK ENGLISH GOOD
    $200 1
Christopher Columbus

Maryanne
    $200 11
Casablanca

Maryanne
    $200 6
Herman Melville

Bill
    $200 21
Paris

Bill
    $200 16
Marie Curie

David
    $200 22
Inflammable

Maryanne
    $400 2
The Colosseum

Bill
    $400 12
Hawaii

Bill
    $400 7
Ho Chi Minh

Maryanne
    $400 27
New York City Ballet

David
    $400 17
Hedy Lamarr

Maryanne
    $400 23
-ess

Maryanne
    $600 3
Golda Meir

David
    $600 13
Nashville

Bill
    $600 8
Gravity's Rainbow

Maryanne
    $3,000 28
(Alex: The film was White Nights.)

Mikhail Baryshnikov

David
    $2,000 18
(Alex: That was the first Earth Day.)

Earth shoe

Maryanne
    $600 24
Preposition

Maryanne
    $800 4
James Cook

Maryanne
    $800 14
Acapulco

David
    $800 9
Helen Gurley Brown

Bill
    $800 29
[The end-of-round signal sounds.]

Tommy Tune

David
    $800 19
[ERRATUM: Grace Hopper was a proponent of the language, but the committee that designed it actually comprised Jean Sammet, Betty Holberton, and others, but not Hopper.]

COBOL

Maryanne
    $800 25
Hanged

Maryanne
    $1000 5
Edward

Bill
    $1000 15
Calcutta

Bill
    $1000 10
Henry James

Maryanne
    $1000 20
DuPont

David
    $1000 26
(Alex: And we have less than a minute to go.)

hopefully

Maryanne

Scores at the end of the Double Jeopardy! Round:

Bill Maryanne David
$7,500 $11,600 $8,200

[wagering suggestions for these scores]

Final Jeopardy! Round responses

19th CENTURY AMERICA
BillWhat are Railroads?
$7,499
DavidWhat were Railroads?
$7,600
MaryanneWhat are railroad tracks?
$5,000
railroads

Final scores:

Bill Maryanne David
$14,999 $16,600 $15,800
3rd place: Burett Abyss Swiss Watch New champion: $16,600 2nd place: Trip to Beaches Resort, Jamaica

Game dynamics:

Coryat scores:

Bill Maryanne David
$7,400 $10,200 $5,800
18 R
(including 1 DD),
1 W
22 R
(including 1 DD),
0 W
16 R
(including 1 DD),
3 W

Combined Coryat: $23,400

[game clues] [game scores] [suggest correction]

Game tape date: Unknown
The J! Archive is created by fans, for fans. Scraping, republication, monetization, and malicious use prohibited; this site may use cookies and collect identifying information. See terms. The Jeopardy! game show and all elements thereof, including but not limited to copyright and trademark thereto, are the property of Jeopardy Productions, Inc. and are protected under law. This website is not affiliated with, sponsored by, or operated by Jeopardy Productions, Inc. Join the discussion at JBoard.tv.